| 000 | 00472nam a2200169 i 4500 | ||
|---|---|---|---|
| 001 | 82107 | ||
| 003 | ES-MaACL | ||
| 005 | 20230906174611.0 | ||
| 007 | t| | ||
| 008 | 041123n19001999sp ||||1| spa d | ||
| 080 | _a930.26:069(460.27 M.)Arq. Nac. | ||
| 245 | 0 | 0 | _aGuía del Museo Arqueológico Nacional. |
| 260 |
_a[S.l. : _bs.n., _c19--?] |
||
| 300 |
_ap. [51]-90 ; _c14 cm. |
||
| 610 | 2 |
_aMuseo Arqueológico Nacional (España) _95827 |
|
| 852 |
_aES-MaACL _jFol-Laf-511 |
||
| 999 |
_c82107 _d82107 |
||